000 00403nam a22001697a 4500
003 OSt
008 240403b |||||||| |||| 00| 0 eng d
020 _a9789389802504
082 _a378.1662 SIU
100 _aSINGH, SURENDER
245 _aULTIMATE GUIDE TO GPAT
250 _a1st
260 _aNew Delhi
_bNew Age
_c2021
300 _axxvi,842
650 _aPHARMACY GENERAL BOOKS
942 _2ddc
_cBK
999 _c12389
_d12389